Statistiques concernant Les featurings de SDM

Cliquez ici pour prendre le quiz!

Statistiques générales

  • Ce quiz a été pris 205 fois
  • Le résultat moyen est 13 sur 26

Statistiques - réponses

DépartmentArtisteSons% Correct
92BoobaLa zone (2020), Bonne journée (2021), Daddy (2021), 92i (2021), Dolce Camara (2024)
98%
93MaesPassat (2021)
91%
92PLKJack Fuego (2019), En ville (2021), Le bruit des applaudissements (2021)
88%
BELGreen Montana92i (2021), NEYMAR JR (2022), Nwar sur Nwar (2022)
84%
93TiakolaRedescends (2022), Roro (2022)
84%
91Koba LaDTitulaires (2020), Tue ça (2021)
83%
91NiskaFame (2022)
80%
93ZedFranklin Saint (2022)
79%
75Guy2BezbarTue ça (2021), Tchapalo (2022)
73%
75SlkrackFranklin Saint (2022), Vie (2023)
69%
93Aya NakamuraDaddy (2023)
66%
75LetoTchapalo (2022)
62%
59ZKRPhilly (2023)
57%
94L2B GangBitume (2022)
47%
243Fally IpupaDroit de véto (2021)
40%
91BramsitoGame over (2021), Papier (2021)
38%
93LandyR.A.S. (2022), Corazon (2023)
36%
UnknownBilton92i (2021), Les filles d'à côté (2023)
25%
UnknownUSKYRétina (2023)
25%
UnknownSicario92i (2021)
21%
75Cheu-BGuitarisé (2023)
17%
UnknownLAZZIOVie d'Avant (2021)
17%
UnknownKai Du MÇa débite (2022)
12%
93TimalC'est la rue (2020)
12%
UnknownDidi BYeye (2022)
9%
UnknownK-DeuxSAC D'OSEILLE (2022)
7%

Distribution des résultats

Percentile par nombre de réponses

% des personnes avec chaque résultat

Votre développement - résultats

Vous n’avez pas pris ce quiz